000 01447nam a2200277 i 4500
001 000003543
003 DO-SdBNP
005 20250811133415.0
007 ta
008 090710s2020 sp r 000 0 spa d
020 _a9789585942097
040 _aDO-SdBNP
_bspa
_cBNPHU
_erda
041 _aspa
082 _axxx
_bE61
_222
111 _aCatálogo de participantes del 26 al 30 de septiembre del 2007
_984499
245 1 0 _aEnterezas en movimiento :
_bviolencias, acceso a la justicia y (re) existencias de mujeres lesbianas, bisexuales y trans en Honduras, República Dominicana, Nicaragua y Colombia
264 1 _aSanto Domingo :
_bCaribe afirmativo,
_c2020.
300 _a62 paginas :
_bilustraciones ;
_c24 cm.
336 _atexto
_btxt
_2rdacontent
337 _asin mediación
_bn
_2rdamedia
338 _avolumen
_bnc
_2rdacarrier
505 _aEnterezas LBT y género diversas: energía que subyace tras el movimiento 11 -- Presentación 14 -- El enfoque diferencial en la investigación de violencias por prejuicio contra personas LGBT 17 -- Introducción 18 -- Metodología 21 -- Nociones Básicas 29 -- Con-texto Regional 47 -- En un camino de Rosas y Espinas 61 -- Ante un panorama de incertidumbre 107 -- Sobreviviendo en contextos de represión 143 -- Resistir 159 -- Conclusiones 178 -- Consideraciones finales 181 -- Referencias bibliográficas 190
590 _aInventariado, 2023 / DG
910 _aDG
942 _2ddc
_cLBS1
999 _c55192
_d55192